Charaktere in Filmen #04 - Statistiken

Allgemein
  • Dieses Quiz wurde 172 mal gespielt
  • Das Durchschnittsergebnis liegt bei 8 aus 25
Antwortstatistiken
Hint Antwort % Korrekt
Michael Myers Halloween
76%
Maximus Decimus Meridius Gladiator
69%
John "Jigsaw" Kramer Saw
69%
Lord Farquaad Shrek
52%
Jyn Erso Rogue One: A Star Wars Story
51%
Dorothy Gale Der Zauberer von Oz
44%
Eddie Brock Venom
43%
Scarlett O’Hara Vom Winde verweht
40%
Ludo Decker Keinohrhasen
34%
Mr. Pink Reservoir Dogs – Wilde Hunde
31%
Veruca Salt Charlie und die Schokoladenfabrik
28%
Knecht Vinzek Drei Haselnüsse für Aschenbrödel
28%
Erwin Löffler Man spricht deutsh
28%
Präsident Camacho Idiocracy
22%
Fletcher Christian Die Bounty
21%
Ann Darrow King Kong und die weiße Frau
19%
Rübennase Das Leben des Brian
18%
Starbuck Moby Dick
17%
Azeem Edin Bashir Al Bakir Robin Hood – König der Diebe
17%
Bill Denbrough Es
15%
Regan MacNeil Der Exorzist
13%
Dr. Hans Matthäi Es geschah am hellichten Tag
13%
Ofelia Vidal Pans Labyrith
13%
Anung Un Rama Hellboy
12%
Christopher McCandless Into the Wild
8%
Keine übereinstimmenden Quizze gefunden
Verteilung der Resultate
Anzahl Personen mit jedem Resultat
Perzentil nach korrekt beantworteten Fragen
Ihre Resultats-Entwicklung
Sie haben dieses Quiz noch nicht gespielt